Koleksi Petua Dan Rawatan Tradisional

Bibliographic Details
Main Author: Ruqyanum Abu Masri
Format: Book
Published: Kuala Lumpur : Penerbitan Seribu Dinar , 2006
Series:Siri Petua & Tips Kehidupan
Subjects:

MARC

LEADER 00000cam a2200000 7i4500
001 0000060642
005 20080630.0
008 080630 bm
020 |a 9833247512 
090 0 0 |a 615.88089928 ROQ 
100 1 |a Ruqyanum Abu Masri 
245 1 0 |a Koleksi Petua Dan Rawatan Tradisional   |c Ruqyanum Abu Masri 
260 |a Kuala Lumpur :   |b Penerbitan Seribu Dinar ,   |c 2006 
300 |a x,180p ;   |c 19cm. 
440 0 |a Siri Petua & Tips Kehidupan 
650 0 0 |a Traditional medicine 
999 |a 0000036879   |b Buku   |c Rak Terbuka   |e Perbadanan Perpustakaan Awam Melaka 
999 |a 0000036880   |b Buku   |c Rak Terbuka   |e Perbadanan Perpustakaan Awam Melaka 
999 |a 302612   |b Buku   |c Rak Terbuka   |e Perbadanan Perpustakaan Awam Melaka 
999 |a 302898   |b Buku   |c Rak Terbuka   |e Perpustakaan Sekolah Tunas Bakti 
999 |a 302899   |b Buku   |c Rak Terbuka   |e Perbadanan Perpustakaan Awam Melaka 
999 |a 302900   |b Buku   |c Rak Terbuka   |e Perbadanan Perpustakaan Awam Melaka 
999 |a 302901   |b Buku   |c Rak Terbuka   |e Perbadanan Perpustakaan Awam Melaka 
999 |a 302902   |b Buku   |c Rak Terbuka   |e Perbadanan Perpustakaan Awam Melaka 
999 |a 302903   |b Buku   |c Rak Terbuka   |e Perbadanan Perpustakaan Awam Melaka 
999 |a 302904   |b Buku   |c Rak Terbuka   |e Perbadanan Perpustakaan Awam Melaka 
999 |a 302905   |b Buku   |c Rak Terbuka   |e Perbadanan Perpustakaan Awam Melaka 
999 |a 302906   |b Buku   |c Rak Terbuka   |e Perbadanan Perpustakaan Awam Melaka 
999 |a 302907   |b Buku   |c Rak Terbuka   |e Perbadanan Perpustakaan Awam Melaka 
999 |a 302908   |b Buku   |c Rak Terbuka   |e Perbadanan Perpustakaan Awam Melaka 
999 |a 302909   |b Buku   |c Rak Terbuka   |e Perbadanan Perpustakaan Awam Melaka 
999 |a 302910   |b Buku   |c Rak Terbuka   |e Perbadanan Perpustakaan Awam Melaka 
999 |a 302911   |b Buku   |c Rak Terbuka   |e Perbadanan Perpustakaan Awam Melaka 
999 |a 302912   |b Buku   |c Rak Terbuka   |e Perbadanan Perpustakaan Awam Melaka 
999 |a 302913   |b Buku   |c Rak Terbuka   |e Perpustakaan Akhlak Bukit Baru 
999 |a 302914   |b Buku   |c Rak Terbuka   |e Perbadanan Perpustakaan Awam Melaka 
999 |a 302915   |b Buku   |c Rak Terbuka   |e Perbadanan Perpustakaan Awam Melaka 
999 |a 302917   |b Buku   |c Rak Terbuka   |e Perbadanan Perpustakaan Awam Melaka 
999 |a 302918   |b Buku   |c Rak Terbuka   |e Perbadanan Perpustakaan Awam Melaka 
999 |a 302919   |b Buku   |c Rak Terbuka   |e Perpustkaan Desa Lubuk China 
999 |a 302920   |b Buku   |c Rak Terbuka   |e Perbadanan Perpustakaan Awam Melaka 
999 |a 302921   |b Buku   |c Rak Terbuka   |e Perbadanan Perpustakaan Awam Melaka 
999 |a 302922   |b Buku   |c Rak Terbuka   |e Perbadanan Perpustakaan Awam Melaka 
999 |a 302923   |b Buku   |c Rak Terbuka   |e Perbadanan Perpustakaan Awam Melaka